Obálka Náhled e-knihy:
PDF Epub
Pro půjčování e-knih musíte být přihlášeni.
Jak si půjčit online?

Ďábel /

Každý ví, že anděl má nádhernou tvář. Přímo božskou, ale nikdy nikdo neviděl tu jeho.  Temnou, dokonalou a mocnou.  Je nádherný, silný a sexy jako hřích, který kdy chodil po zemi. Když se do mě poprvé zavrtaly jeho oči, spálily mě na popel. Chtěla jsem to… Prosila jsem o to. Jenže...

Celý popis

Uloženo v:
Série:Podsvětí, část 3
Hlavní autor: Jell, Marcy (Autor)
Médium: E-kniha
Jazyk:Czech
Vydáno: Praha : Nakladatelství Solis s.r.o., 2025
Příbuzné jednotky:Z cyklu:: Podsvětí
Tagy:
Žádné tagy
LEADER 01775nam a22002417i 4500
001 312698
007 ta
008 260601s2025 xr ||||| |||| 00| 0 cze d
020 |a 9990004199088 
044 |a xr 
100 1 |a  Jell, Marcy  |4 aut 
245 1 0 |a Ďábel /  |c  Jell, Marcy 
264 1 |a Praha :  |b Nakladatelství Solis s.r.o.,  |c 2025 
300 |a 1 online zdroj (270 stran) 
336 |a text  |b txt  |2 rdacontent 
337 |a bez média  |b n  |2 rdamedia 
338 |a online zdroj  |b cr  |2 rdacarrier 
520 2 |a Každý ví, že anděl má nádhernou tvář. Přímo božskou, ale nikdy nikdo neviděl tu jeho.  Temnou, dokonalou a mocnou.  Je nádherný, silný a sexy jako hřích, který kdy chodil po zemi. Když se do mě poprvé zavrtaly jeho oči, spálily mě na popel. Chtěla jsem to… Prosila jsem o to. Jenže když tančíte s Ďáblem příliš dlouho, jednou přijde zaklepat na vaše dveře. Ukázal mi svět plný stínů, kam jsem nikdy nechtěla vstoupit. Tvrdí, že jsem světlo v jeho temnotě. On se stal mým soudcem i katem.  Neřekl mi celou pravdu. Nebyl Ďáblem, který by si se mnou přišel jen hrát a pokoušet mě. Byl tím, kdo mě měl stáhnout do podsvětí a pohltit mě.  Jmenuju se Rhea a tohle je moje cesta peklem. 
787 0 8 |g 3  |i Z cyklu:  |t Podsvětí 
910 |a RBIT002 
998 |d 419908  |a https://core.palmknihy.cz/api/books/419908/cover?supb7r  |b https://core.palmknihy.cz/api/books/419908/cover/400?supb7r  |c https://core.palmknihy.cz/api/books/419908/cover/50?supb7r  |e 2031-12-31  |g 270  |i 9990004199088  |j https://core.palmknihy.cz/api/books/419908/preview.epub  |k https://core.palmknihy.cz/api/books/419908/preview.pdf  |l   |q 49  |r 1  |s https://www.palmknihy.cz/kniha/419908  |t ebook  |y 2025  |z 1  |v Podsvětí  |w 3 
999 |d 312696